书目信息 |
| 题名: |
人性阴暗面
|
|
| 作者: | 茨威格 , 亚伯拉姆斯 编著 | |
| 分册: | ||
| 出版信息: | 北京 中央编译出版社 1998.01 |
|
| 页数: | 214页 | |
| 开本: | 32开 | |
| 丛书名: | ||
| 单 册: | ||
| 中图分类: | B825 | |
| 科图分类: | ||
| 主题词: | 伦理学 | |
| 电子资源: | ||
| ISBN: | 7-80109-173-6 | |
| 000 | 00618nam0 2200205 45 | |
| 001 | 0011051952 | |
| 005 | 20001105192628.7 | |
| 010 | @a7-80109-173-6@d12.00元 | |
| 100 | @a20001105d1998 km y0chiy0120 ea | |
| 101 | 0 | @achi |
| 105 | @a z 000yy | |
| 200 | 1 | @a人性阴暗面@ARen Xing Yin An Mian@f(美)茨威格,(美)亚伯拉姆斯编著@F(Mei)Ci Wei Ge,(Mei)Ya Bo La Mu Si Bian Zhu |
| 210 | @a北京@c中央编译出版社@d1998.01 | |
| 215 | @a214页@d32开 | |
| 606 | 0 | @a伦理学 |
| 690 | @aB825@v3 | |
| 701 | 0 | @a茨威格@4编著 |
| 701 | 0 | @a亚伯拉姆斯@4编著 |
| 801 | @aCN@bPftUser@c20001105 | |
| 905 | @b198179-180@dB825@eY417@f2 | |
| 人性阴暗面/(美)茨威格,(美)亚伯拉姆斯编著.-北京:中央编译出版社,1998.01 |
| 214页;32开 |
| ISBN 7-80109-173-6:12.00元 |
| ● |
| 相关链接 |
|
|
|
正题名:人性阴暗面
索取号:B825/Y417
 
预约/预借
| 序号 | 登录号 | 条形码 | 馆藏地/架位号 | 状态 | 备注 |
| 1 | 198179 | 201981793 | 社科库509/509社科库 30排2列2层/ [索取号:B825/Y417] | 在馆 | |
| 2 | 198180 | 201981800 | 社科库509/509社科库 30排2列2层/ [索取号:B825/Y417] | 在馆 |